O zážitkovosti a funkčnosti v literatúre pre deti a mládež zborník materiálov z vedeckej konferencie s medzinárodnou účasťou, ktorá sa konala 17.-18. októbra 2001 v Prešove
| Format: | Book |
|---|---|
| Language: | Slovak Polish Russian Czech |
| Published: |
Prešov
Náuka
2002
|
| Edition: | 1. vyd. |
| Subjects: |
MARC
| LEADER | 00000cam a2200000 a 4500 | ||
|---|---|---|---|
| 001 | vtls001481865 | ||
| 003 | SK-MaSNL | ||
| 005 | 20260301183305.0 | ||
| 008 | 240226s2002 xo f 100 0 slo | ||
| 015 | |a SNBA2004/06-05442 | ||
| 020 | |a 8089038174 |q (brožované) | ||
| 035 | |a SNK000437162 | ||
| 035 | |a urn:nbn:sk:snk-amkox2 | ||
| 035 | |a urn:nbn:sk:snk-am008dw6 | ||
| 035 | |a DDE1D2E2-D508-4556-9A9C-D1F91BBAA606 | ||
| 040 | |a SNK |b slo |c SNK |e AACR2 | ||
| 041 | 0 | |a slo |a pol |a rus |a cze |b ger |b eng | |
| 044 | |a xo |c SK | ||
| 072 | 7 | |a 82-93 |x Literatúra pre deti a mládež (o nej) |2 konspekt | |
| 080 | |a 821-93(082)=00 |2 1981 | ||
| 080 | |a 82-93 |2 1981 | ||
| 080 | |a (063) |2 1981 | ||
| 245 | 0 | 0 | |a O zážitkovosti a funkčnosti v literatúre pre deti a mládež |b zborník materiálov z vedeckej konferencie s medzinárodnou účasťou, ktorá sa konala 17.-18. októbra 2001 v Prešove |
| 250 | |a 1. vyd. | ||
| 260 | |a Prešov |b Náuka |c 2002 | ||
| 300 | |a 210 strán |c 21 cm | ||
| 500 | |a Resumé nemecky, anglicky ; zoznam autorov | ||
| 500 | |a Čiastočný text poľsky, rusky, česky | ||
| 504 | |a Bibliografické odkazy | ||
| 650 | 0 | 7 | |a literatúra pre deti a mládež |x zborníky |2 SNK |9 558361 |
| 650 | 0 | 7 | |a literatúra pre deti |2 SNK |9 55721 |
| 650 | 0 | 7 | |a literatúra pre mládež |2 SNK |9 28151 |
| 655 | 7 | |a zborníky konferencií |2 SNKPH |9 70153 | |
| 919 | |a 80-89038-17-4 | ||
| 958 | |a NB | ||
| 968 | |d 821 | ||
| 999 | |c 856476 |d 858406 | ||
| 952 | |t P60, <03>, [BOOK], {603} |a SNK |b SNK |y PREZ |7 0 |p 17A0443313 |o snkSC 117323 |i snkKSP 12140/2004 |0 0 |1 0 |4 0 |d 2004-09-17 |f 1 |l 0 |r 2025-10-16 00:00:00 |w 2026-02-24 | ||
| 952 | |a SNK |b SNK |y VYP |7 0 |p 17A0443314 |o snkSC 117323 D1 |i snkKSP 12141/2004 |0 0 |1 0 |4 0 |d 2004-09-17 |l 0 |r 2005-01-02 00:00:00 |w 2026-02-24 | ||


